History of The Coffee House - Statistics

General Stats
  • This quiz has been taken 11 times
  • The average score is 11 of 20
Answer Stats
Hint Answer % Correct
In which year did The Coffee House open? 2009
100%
In which year did the forum move to the above software? 2018
75%
In a long-running joke, which member was routinely blamed for things that obviously weren't his fault? Eric
75%
What software does The Coffee House use now? MyBB
75%
What software did The Coffee House originally use? ZetaBoards
75%
What animal features on various flags created by Kyng? Platypus
63%
Who was the first winner of Member of the Year? Pyrite
63%
What object does Pyrite famously despise? Selfie stick
63%
Name either of the two predecessors of the above forum Chess Resources Forum / Blackbird Garden
50%
Fill in the blank: [insert obligatory ______ rant here] Cyprus
50%
What is the name of Kyng's dwarf character, who is obsessed with ale and biscuits? Henrik
50%
What was its original name? Imperial Forum
50%
What is Kyng's sister's username? Penguin
50%
What did Kyng once accidentally create on Minecraft, that was frequently mocked by Jimmy? Diamond Hoe
38%
What is the name of the blue and white starry theme that has been present on both the original and current iterations of The Coffee House? Lucky Blue
38%
What was the name of Oscar's first theme for the forum? The Morning Report
38%
What is the date of Nilla's and Oscar's wedding anniversary? 3rd November
25%
Which member suggested the name "The Coffee House"? Catface
25%
What is the name of Jarkko's made-up Korean girlfriend? Chobe
25%
Which town did Kyng and Opal Fruit visit when they met in real life for the first time? Stafford
25%
No matching quizzes found
Score Distribution
Percent of People with Each Score
Percentile by Number Answered
Your Score History
You have not taken this quiz